000 00402nam a2200169Ia 4500
008 210210b2014 xxu||||| |||| 00| 0 eng d
020 _a9780194371926
041 _aeng
082 _a070.172 GRUN
100 _aGRUNDY (Peter)
245 _aNewspapers
260 _aNew York
_bOxford University Press
_c2014
300 _ax,134
650 _aNewspapers
690 _aJournalism
906 _a074291
999 _c124113
_d124113